00476nam a2200157 a 450000500170000000800410001702000150005805000260007310000140009924500510011326000460016430000220021052100070023265000370023965000420027620140311163009.0051010s19uu xx 00 eng d a8931435010 aTR 267.5 b.L449 2003 aZack, Lee a40 digital photography techniques /cLee Zack. aSeoul, Korea :bYoungjin.com, Inc,c2003. a196 p. ; c18 cm. aMC aPhotographyxDigital techniques. aImage processingxDigital techniques.